000 05139cam a22006134i 4500
003 PE-LiUPU
005 20250731172845.0
008 080317s2008 miu rb 001 0 eng
020 _a0802837271
_q(Eerdmans)
020 _a1844743411
_q(Apollos)
020 _a9780802837271
_q(Eerdmans)
020 _a9781844743414
_q(Apollos)
035 _a(Sirsi) i9780802837271
040 _aDLC
_bspa
_cDLC
_dBTCTA
_dBAKER
_dYDXCP
_dC#P
_dBWX
_dCDX
_dNNG
_dITC
_dBWK
_dCPE
_dUKM
_dOCLCQ
_dSGB
_dBDX
_dOCLCA
_dOCLCQ
_dOCLCA
_dUKMGB
_dOCLCF
_dOCLCQ
_dOCLCA
_dOCLCQ
_dPE-LiUPU
_erda
049 _aPRUA
082 0 4 _a225.07
_bPNTC
_220
100 1 _aMoo, Douglas J.,
_eautor.
245 1 4 _aThe letters to the Colossians and to Philemon /
_cDouglas J. Moo.
264 _aGrand Rapids, Mich. :
_bWilliam B. Eerdmans Pub. Co.,
_c©2008.
300 _axvi, 471 páginas ;
_c24 centímetros.
336 _atext
_2rdacontent
337 _aunmediated
_2rdamedia
338 _avolume
_2rdacarrier
490 0 _aThe Pillar New Testament commentary
504 _aBibliografía : páginas 3-24.
504 _aÍndices: páginas 443-469.
505 0 _aIntroduction to Colossians -- To whom was Colossians written? : Colossae and the Colossians -- Who wrote the letter? : authorship -- When was the letter written? : date and place of writing -- Why was Colossians written? : the false teaching -- What is Colossians teaching? : the theology of the letter -- Christ -- Cosmology and the powers -- The church -- The Gospel -- Eschatology -- The Christian life -- Commentary on Colossians -- The letter opening : "just as you have received Christ Jesus as lord ..." (1:1; 2:5) -- Prescript (1:1-2) -- The powerful Gospel of God's son (1:3-23) -- The evidence of the Gospel's power among the Colossians (Thanksgiving and prayer) (1:3-14) -- The heart of the Gospel : the supremacy of Christ in creation and redemption (1:15-20) -- The hope held out in the Gospel (1:21-23) -- The mystery of Christ in Paul's ministry and Christian experience (1:24-2:5) -- The letter body : " ... continue to live your lives in Him" (2:6-4:6) -- The heart of the matter : remaining centered on Christ (2:6-7) -- The threat to christocentric living : warning about false teachers (2:8-23) -- Spiritual fullness in christ (2:8-15) -- The empty promise of the false teaching (2:16-23) -- Living a christocentric life (3:1-4:1) -- Heavenly thinking (3:1-4) -- Putting off the practices of the "old self" (3:5-11) -- Putting on the practices of the "new self" (3:12-17) -- The Lordship of Christ in earthly relationships (3:18-4:1) -- Exhortation to prayer and Christian witness (4:2-6) -- The letter closing, greetings, plans, and instructions (4:7-18) -- The letter to Philemon -- Introduction to Philemon -- A basic profile : author, recipient, nature, and place of writing -- The situation behind the letter -- The purpose and significance of the letter -- Commentary on Philemon -- The letter opening (vv. 1-3) -- Thanksgiving : the "fellowship of faith" (vv. 4-7) -- The letter body : Paul's appeal concerning onesimus (vv. 8-20) -- The letter closing (vv. 21-25).
520 _aExhibiting the same brilliant exegesis and sound practical insight found in his previous works, noted commentator Douglas J. Moo in this new volume not only explains accurately the meaning of the letters to the Colossians and to Philemon but also applies that meaning powerfully to twenty-first-century readers. Moo both interacts with the Greek text of these letters and clearly explains the English text to a contemporary audience. Informed, evangelical, methodologically astute, and displaying a careful balance between good scholarship and pastoral concern -- earmarks of the Pillar New Testament Commentary series as a whole -- Moo's Letters to the Colossians and to Philemon will offer insights to a wide range of readers, from teachers and students, to pastors and parishioners, to scholars and laypersons. - Publisher.
526 _aSEG42
526 _aSEG41
526 _aSEG40
526 _aSEG39
526 _aP94
526 _aP87
526 _aP86
526 _aP85
526 _aP77
526 _aP76
526 _aP35
630 0 0 _aBiblia.
_pColosenses
_vComentarios.
630 0 0 _aBiblia.
_pFilemón
_vComentarios.
630 0 7 _aBiblia.
_pColosenses.
630 0 7 _aBiblia.
_pFilemoón.
655 7 _aComentarios.
856 4 1 _3Tabla de contenido
_uhttp://catdir.loc.gov/catdir/toc/ecip0814/2008011989.html
910 _ajck
_bebj
_cebj
_d20160531
942 _2ddc
_cBOOK
949 _a225.07 PNTC 12
_wDEWEY
_c1
_i73352
_lCCODEBUL1
_mBUL
_p50.50
_r0
_sY
_tBOOK
_u2016-5-31
_xTEOLOGIA
_PP85
_0COMPRA
_o.STAFF. Colección General Teología
994 _aC0
_bPEPRU
856 4 1 _3Tabla de contenido
_uhttp://catdir.loc.gov/catdir/toc/ecip0814/2008011989.html
596 _a1
999 _a225.07 PNTC 12
_wDEWEY
_c9641
_i73352
_d9641
_e2017-3-9
_f2021-11-9
_g5
_lCCODEBUL1
_mBUL
_n1
_p50.50
_q2
_r0
_sY
_tBOOK
_u2016-5-31
_xTEOLOGIA
_PP85
_0COMPRA
_o.STAFF. Colección General Teología
980 _81
_gALBERTO SANCHEZ Responsable de Automatización